| 000 | 005910000a22002050004500 | ||
|---|---|---|---|
| 003 | LK-CoMWRAF | ||
| 005 | 20230921141239.0 | ||
| 008 | 230817t1949 ||||| |||| 00| 0 eng d | ||
| 040 |
_aLK-CoMWRAF _dLK-CoMWRAF _eLK-CoMWRAF |
||
| 041 | _aeng | ||
| 082 |
_a320.92 _bBAL |
||
| 100 | _aBaljon, J.M.S. | ||
| 245 | _aThe Reforms and Religious ideas of Sir Sayyid Ahmad Khan | ||
| 260 |
_aLeiden: _b E.J. Brill, _c1949 |
||
| 300 |
_axii, 101p. _bBibliography included |
||
| 650 | _aSTSTESMEN-India | ||
| 650 | _aIndia -Intellectual life | ||
| 650 | _aIndia -- Social conditions | ||
| 942 | _cBK | ||
| 999 |
_c1990 _d1990 |
||